Priemyselné parky znižujú nezamestnanosť

Prehľad priemyselných zón v ČR podporované ministerstvom priemyslu a obchodu v rokoch 1998-2001. Právna úprava podpory priemyselných parkov v SR.

Enregistré dans:
Détails bibliographiques
Auteur principal: Vechter, Juraj
Format: Chapitre de livre
Langue:slovaque
Sujets:
Tags: Ajouter un tag
Pas de tags, Soyez le premier à ajouter un tag!

MARC

LEADER 00000naa a2200000 4500
001 r044621
005 20230925125558.7
041 0 |a slo 
044 |a SK 
245 1 0 |a Priemyselné parky znižujú nezamestnanosť  |c Juraj Vechter 
520 |a Prehľad priemyselných zón v ČR podporované ministerstvom priemyslu a obchodu v rokoch 1998-2001. Právna úprava podpory priemyselných parkov v SR. 
610 2 0 |a parky priemyselné 
610 2 0 |a podpora podnikania 
610 2 0 |a Česko 
610 2 0 |a úpravy právne 
610 2 0 |a Slovensko 
100 1 |a Vechter, Juraj